Normal view
MARC view
Entry Topical Term
001 - CONTROL NUMBER
- control field: 17287
003 - CONTROL NUMBER IDENTIFIER
- control field: dpl
005 - DATE AND TIME OF LATEST TRANSACTION
- control field: 20100827122412.0
008 - FIXED-LENGTH DATA ELEMENTS
- fixed length control field: 100827|||a|||||| | ||| d
040 ## - CATALOGING SOURCE
- Original cataloging agency: dpl
- Transcribing agency: dpl
150 ## - HEADING--TOPICAL TERM
- Topical term or geographic name as entry element: कैलाश- मानसरोवर
- General subdivision: यात्रा
- Geographic subdivision: चीन
670 ## - SOURCE DATA FOUND
- Source citation: Work cat.: (dpl)27525: पाठक, शेखर 17286, नीले बर्फीले स्वप्नलोक में:, 2009
670 ## - SOURCE DATA FOUND
- Source citation: Work cat.: (dpl)27525: पाठक, शेखर 17286, नीले बर्फीले स्वप्नलोक में:, 2009
